Представление документа в формате MARC21

ПолеНазваниеЗначение
  Тип записи a
  Библиографический уровень m
001 Контрольный номер RU/URAIT/590000
005 Дата корректировки 20260429163650.3
008 Кодируемые данные 260429s2026 RU y f j 000 0 rus u
020 Индекс ISBN __
a ISBN 978-5-534-21017-0
c Цена, тираж 589.00
040 Источник каталогиз. __
a Служба первич. каталог. ИКО Юрайт
c Служба, преобразующая запись ИКО Юрайт
e Правила каталог. RCR
041 Код языка издания __
a Код языка текста rus
044 Код страны публикации __
a Код страны публикации RU
080 Индекс УДК __
a Индекс УДК 655(075.8)
084 Индекс другой классификации/Индекс ББК __
2 Источник индекса rubbk
a Индекс другой классификации/Индекс ББК 37.8я73
100 Автор __
a Автор Корнилов И. К.
q Полное имя Корнилов Иван Константинович
245 Заглавие __
a Заглавие Технология полиграфии. Проектирование и контроль продукции
b Продолж. заглавия учебник для спо
c Ответственность И. К. Корнилов.
256 Характеристики компьютерного файла __
a Характеристики компьютерного файла Электрон. дан.
260 Выходные данные __
a Место издания Москва
b Издательство Юрайт
c Дата издания 2026
300 Физическое описание __
a Объем 99 с
440 Серия __
a Серия Профессиональное образование
500 Примечания __
a Примечание URL: https://urait.ru/bcode/590000 (дата обращения: 29.04.2026).
520 Аннотация __
a Аннотация Рассматриваются основные вопросы, связанные с проектированием и контролем полиграфической продукции: системный подход при проектировании изданий, оценка и методы контроля качества продукции, анализ эффективности производства, конструктивные особенности различных изданий. Соответствует актуальным требованиям федерального государственного образовательного стандарта высшего образования. Для магистров, обучающихся по направлению «Технологические машины и оборудование», а также для специалистов, интересующихся вопросами, связанными с проектированием и контролем полиграфической продукции.
538 Прим. о системных особенностях __
a Прим. о системных особенностях Режим доступа: Электронно-библиотечная система Юрайт, для авториз. пользователей
653 Ключевые слова __
a Ключевые слова Полиграфия
653 Ключевые слова __
a Ключевые слова Технические науки
653 Ключевые слова __
a Ключевые слова Основы полиграфического производства
653 Ключевые слова __
a Ключевые слова Технологии полиграфии
653 Ключевые слова __
a Ключевые слова Технология полиграфии
856 Электронный адрес документа 40
n Местонахождение сервера Юрайт
g Электронная книга
q Тип электронного формата html
h Имя пользователя ЮРАЙТ
v Часы доступа к ресурсу 20271231
2 Способ доступа Показать документ
x Служебное примечание https://urait.ru/book/cover/A4F58CB2-70EC-4445-8737-23E61B330370
u URL https://urait.ru/bcode/590000
856 Электронный адрес документа 48
q Тип электронного формата cover
u URL https://urait.ru/book/cover/A4F58CB2-70EC-4445-8737-23E61B330370
911 __
u 0030=https://urait.ru/bcode/590000
911 __
u 073a=9785534210170
u 073d=589.00
911 __
u 106a=s
911 __
u 900l=
952 Тип литературы __
i Дисциплина Основы полиграфического производства
952 Тип литературы __
i Дисциплина Технологии полиграфии
952 Тип литературы __
i Дисциплина Технология полиграфии